00574 am a2200169 a 450000500170000000800410001702000150005804100080007310000240008124500890010525000110019426000330020530000110023850001220024965300140037165300190038520240304120039.0110406s199?||||ag d f |||| 001 0 spa d a9504362842 aspa1 aLópez, Eduardo L. aManual práctico de infectología para el clínico pediatra /cEduardo L. López a1a ed. aBuenos Aires: bS/N;c1990?. a460 p. aLópez, E. L. (1990?). Manual práctico de infectología para el clínico pediatra. (1a ed.). Buenos Aires : S/N. aPediatria aInfectología